| 000 | 00801nam a2200241 i 4500 | ||
|---|---|---|---|
| 001 | bg | ||
| 100 | 1 | _aFABOZZI, Frank J. | |
| 245 | 1 | 0 |
_aRynki obligacji - analiza i strategie / _cFrank J. Fabozzi ; przekł. [z ang.] Jarosław Sobkowiak, Marek Szczepanik. |
| 246 |
_iTyt. oryg.: _aBond markets, analysis and strategies |
||
| 260 |
_aWarszawa : _bWydaw. Finansowe WIG-PRESS, _c2000. |
||
| 300 |
_aXXXIII, 749 s. : _bwykr. + _e24 cm. |
||
| 500 | _aOryg.: "Bond markets, analysis and strategies" 1996. | ||
| 650 | 9 |
_aObligacje _xteoria |
|
| 650 | 9 | _aPapiery wartościowe | |
| 655 | _aPodręczniki akademickie | ||
| 020 | _a8387014346 | ||
| 040 | _cBPK | ||
| 041 | 1 |
_apl _hen |
|
| 080 | _a336.763(075.8) | ||
| 920 | _a83-87014-34-6 | ||
| 942 | _cKS | ||
| 008 | s pl f |000 0 pol | ||
| 999 |
_c37326 _d37326 |
||
| 856 |
_uhttp://koha.tu.koszalin.pl/cgi-bin/koha/opac-detail.pl?biblionumber=37326 _yKatalog online BPK |
||